000 00896nam a22002297a 4500
999 _c17942
_d17942
003 AR-CdUCM
008 190510b ||||| |||| 00| 0 spa d
040 _aMUNICIPALIDAD PROVINCIAL DEL CUSCO
_cBIBLIOTECA MUNICIPAL DEL CUSCO
082 _a342.2 /
_bJ67
100 _aJohnson, Gerald W.
_96378
245 _aEl congreso /
260 _aBuenos Aires :
_bIndice,
_c1963.
300 _a159 páginas ;
_bilustraciones,
_c18.5 cm.
500 _aTitulo del original The Congress.
505 _aContenido: Cómo funciona el congreso -- Los comienzos del congreso -- Freno y contrapeso -- Lista de presidentes de la Cámara de representantes -- Nómina de las comisiones del senado ...
650 _aCongreso
_912680
650 _aPolítica
_9291
650 _aEstados Unidos
_91805
700 _aEverett Fisher, Leonard (ilustraciones)
_938218
942 _2ddc
_cLIBROS
945 _aachl
_d2019-05-10